Engins de chantier par image - Statistiques

Statistiques générales
  • Ce quiz a été pris 16 fois
  • Le résultat moyen est 9 sur 20
Statistiques - réponses
Par images Réponse % Correct
Grue à tour
100%
Bétonnière
85%
Marteau-piqueur
85%
Tractopelle
77%
Pelleteuse
69%
Bulldozer
62%
Camion benne
62%
Chariot élévateur
62%
Nacelle téléscopique
54%
Camion-bétonnière
46%
Camion-grue
38%
Chargeuse
38%
Rouleau compresseur
38%
Mini-pelle
31%
Dumper
15%
Niveleuse
15%
Tombereau
15%
Décapeuse
8%
Excavatrice à godets
8%
Mini-dumper
8%
Aucun quiz correspondant
Distribution des résultats
% des personnes avec chaque résultat
Percentile par nombre de réponses
Votre historique - résultats
Vous n’avez pas pris ce quiz